[Event "Euskadi-ch U16"]
[Site "Eibar"]
[Date "2010.04.08"]
[Round "2"]
[White "Sanchez Merino, Christian"]
[Black "Chamorro Garcia, Jonathan"]
[Result "1-0"]
[WhiteElo "1534"]
[BlackElo "1561"]
[PlyCount "95"]
[EventDate "2010.04.07"]
[EventType "swiss"]
[EventRounds "6"]
[EventCountry "ESP"]
[SourceTitle "CBM 136 Extra"]
[Source "ChessBase"]
[SourceDate "2010.07.02"]
[SourceVersion "2"]
[SourceVersionDate "2010.07.15"]
[SourceQuality "1"]

1. e4 c5 2. Nf3 Nc6 3. d4 cxd4 4. Nxd4 g6 5. Nc3 Bg7 6. Be3 d6 7. Bc4 Nf6 8. 0-0 0-0 9. Nb3 a6 10. a4 Ne5 11. Be2 Nc6 12. f3 Be6 13. Nd2 Qd7 14. Nc4 Bxc4 15. Bxc4 Ne5 16. Bb3 Rac8 17. Qe2 Qc7 18. Rfd1 Ned7 19. Qf2 Rfe8 20. Rd2 Ne5 21. Bb6 Qc6 22. a5 Rf8 23. Ba4 Qc4 24. Rd4 Qe6 25. Bb3 Qd7 26. Ba4 Nc6 27. Rc4 e6 28. Rd1 Qe7 29. Bxc6 Rxc6 30. Rxc6 bxc6 31. Ne2 c5 32. c3 Rb8 33. Qg3 Ne8 34. h4 Rb7 35. f4 Nf6 36. e5 dxe5 37. Rd8+ Bf8 38. fxe5 Nh5 39. Qg5 f6 40. exf6 Nxf6 41. Ra8 Kg7 42. Nf4 c4 43. Rxf8 Kxf8 44. Bc5 Nd5 45. Bxe7+ Rxe7 46. Qh6+ Kg8 47. h5 g5 48. Nxe6 1-0